00624nam a2200169Ia 4500952016900000999001700169003000400186005001700190008004100207040000900248082002200257100002400279245004900303260004300352300000900395942005000404 00102ddc40708SOCIAL SCIENCEaMESbMEScSOCIAL SCIENCEd2019-02-20g75.00l1m3o305.800954 CHA/Cp18371r2023-01-16 00:00:00s2022-11-04w2019-02-20yBKzGL41R4 c20215d20215OSt20200616143623.0190216s9999||||xx |||||||||||||| ||und|| coclc a305.800954bCHA/C1 aChandra, Bipan9137 0aCommunalism In Modern India /cBipan Chandra bVikas Publications,c1989.aNew Delhi: a378p cBK2ddch305.800954iCHA/Ck305.800954mCHA/C